Come prolungare la vita / (Record no. 61214)

MARC details
000 -LEADER
campo de control de longitud fija 00621nam a2200205 i 4500
001 - NÚMERO DE CONTROL
campo de control 61214
003 - IDENTIFICADOR DE NÚMERO DE CONTROL
campo de control ES-MaACL
005 - FECHA Y HORA DE LA ÚLTIMA TRANSACCIÓN
campo de control 20230906164412.0
007 - CAMPO FIJO DE DESCRIPCIÓN FÍSICA--INFORMACIÓN GENERAL
campo de control de longitud fija t|
008 - DATOS DE LONGITUD FIJA--INFORMACIÓN GENERAL
campo de control de longitud fija 031111s1906 it ||||1| ita d
100 1# - ENTRADA PRINCIPAL--NOMBRE DE PERSONA
Nombre de persona Evans, Charles Watkyns de Lacy.
9 (RLIN) 48352
245 10 - MENCIÓN DEL TÍTULO
Título Come prolungare la vita /
Mención de responsabilidad, etc. De Lacy Evans ; tradotta ed annotada dal Ascancio Mele.
250 ## - MENCION DE EDICION
Mención de edición 2ª ed.
260 ## - PUBLICACIÓN, DISTRIBUCIÓN, ETC.
Lugar de publicación, distribución, etc. Torino :
Nombre del editor, distribuidor, etc. Fratelli Bocca,
Fecha de publicación, distribución, etc. [1906] (
Fabricante Tip. Torinense)
300 ## - DESCRIPCIÓN FÍSICA
Extensión 246 p. ;
Dimensiones 20 cm.
650 04 - PUNTO DE ACCESO ADICIONAL DE MATERIA--TÉRMINO DE MATERIA
Término de materia o nombre geográfico como elemento de entrada Longevidad.
9 (RLIN) 14705
650 04 - PUNTO DE ACCESO ADICIONAL DE MATERIA--TÉRMINO DE MATERIA
Término de materia o nombre geográfico como elemento de entrada Envejecimiento.
9 (RLIN) 12329
700 1# - ENTRADA AGREGADA--NOMBRE PERSONAL
Nombre de persona Mele, Ascancio.
9 (RLIN) 79901
852 ## - LOCALIZACIÓN
Ubicación ES-MaACL
Número de control de estantería F-6095
Holdings
Estatus retirado Estado de pérdida Estado de daño No para préstamo Biblioteca de origen Biblioteca actual Ubicación en estantería Fecha de adquisición Fuente de adquisición Total de préstamos Signatura topográfica completa Código de barras Visto por última vez Precio de reemplazo Tipo de ítem Koha
        Biblioteca del Ateneo de Madrid Biblioteca del Ateneo de Madrid Depósito 2 17/01/2008     F-6095 1064191 23/02/2023 23/02/2023 Libro impreso